| 000 | nam a22 4500 | ||
|---|---|---|---|
| 999 |
_c9066 _d9066 |
||
| 008 | 180410b ||||| |||| 00| 0 eng d | ||
| 100 |
_927206 _aChipongian, Lee C. |
||
| 245 |
_aBSP recognized anew for its financial inclusion program/ _cLee C. Chipongian |
||
| 260 |
_aPhilippines _bManila Bulletin _cc2016 |
||
| 300 | _apageg B-3. | ||
| 650 | 0 |
_927207 _aFinance. |
|
| 942 |
_2ddc _cPER |
||